Elements of photogrammetry : (Record no. 16235)
[ view plain ]
| 000 -LEADER | |
|---|---|
| fixed length control field | 00494pam a2200169 4500 |
| 020 ## - INTERNATIONAL STANDARD BOOK NUMBER | |
| ISBN | 0070713375 |
| 040 ## - CATALOGING SOURCE | |
| Transcribing agency | DLC |
| 082 00 - DEWEY DECIMAL CLASSIFICATION NUMBER | |
| Classification number | 526 HIL 1974 A023 Or. |
| 100 1# - MAIN ENTRY--AUTHOR NAME | |
| Personal name | Wolf, Paul R. |
| 245 10 - TITLE STATEMENT | |
| Title | Elements of photogrammetry : |
| Remainder of title | (with air photo interpretation and remote sensing) |
| 260 ## - PUBLICATION, DISTRIBUTION, ETC. (IMPRINT) | |
| Place of publication | New York, |
| Name of publisher | McGraw-Hill |
| Year of publication | [1974] |
| 300 ## - PHYSICAL DESCRIPTION | |
| Number of Pages | xiii, 562 p. |
| Other physical details | illus. |
| Dimensions | 24 cm. |
| 650 #0 - SUBJECT ADDED ENTRY--TOPICAL TERM | |
| Topical Term | Photogrammetry. |
| 650 #0 - SUBJECT ADDED ENTRY--TOPICAL TERM | |
| Topical Term | Aerial photogrammetry. |
| 650 #0 - SUBJECT ADDED ENTRY--TOPICAL TERM | |
| Topical Term | Photographic interpretation. |
| 942 ## - ADDED ENTRY ELEMENTS (KOHA) | |
| Koha item type | សៀវភៅភាសាអង់គ្លេស |
| 952 ## - LOCATION AND ITEM INFORMATION (KOHA) | |
| Withdrawn status [LOCAL, KOHA] | 0 |
| Permanent Location | Date acquired | Koha item type | Lost status | Shelving location | Barcode | Current Location | Full call number |
|---|---|---|---|---|---|---|---|
| Library Block A | 2018-01-24 | សៀវភៅភាសាអង់គ្លេស | A023 | A22903 | Library Block A | 526 HIL 1974 A023 Or. |